Carta obre la petición para que los capellanes remitiesen el Breve original con el que encuentran los demás títulos o razones que tienen para la pretención y que en el interin no usen de cosa alguna contra la jurisdicción

Detalles Bibliográficos
Formato: Libro
Publicado: México, 1679
Materias:
Colección:Banco de datos
Acervo:Biblioteca Palafoxiana. Colección de Manuscritos
Descripción Física:1 f. ; 21 x 31 cm.
Tema general:Eclesiástica
LEADER 00536nam a22001330004500
035 |a 4066 
245 1 0 |a Carta obre la petición para que los capellanes remitiesen el Breve original con el que encuentran los demás títulos o razones que tienen para la pretención y que en el interin no usen de cosa alguna contra la jurisdicción  
260 |a México, 1679 
300 |a 1 f. ; 21 x 31 cm. 
650 1 0 |a Eclesiástica 
949 |a R496/250 
942 |c PALAMANU 
943 |g Biblioteca Palafoxiana. Colección de Manuscritos 
999 |c 1072011  |d 1072011